| 000 | 00483nam a22001817a 4500 | ||
|---|---|---|---|
| 003 | NUST - PNEC | ||
| 005 | 20170116181010.0 | ||
| 008 | 150913b xxu||||| |||| 00| 0 eng d | ||
| 020 | _a0830637524 | ||
| 020 | _a0830637508 | ||
| 040 | _cLIBRARY | ||
| 082 | _a621.3916 PIL | ||
| 100 |
_910096 _aPilgrim, Aubrey |
||
| 245 |
_aBuild your own 386/386SX compatible and save a bundle _cAubrey, Pilgrim |
||
| 260 | _cc.1992 | ||
| 650 |
_910101 _aMicrocomputers _xMIS |
||
| 942 |
_2ddc _cBK |
||
| 999 |
_c67046 _d67046 |
||